|
|
|
|
| LEADER |
00000cam a2200000 a 4500 |
| 001 |
vtls010178364 |
| 003 |
SK-MaSNL |
| 005 |
20260302011417.0 |
| 008 |
240313s2010 xo f 000 0 slo |
| 015 |
|
|
|a SNBA2011/01-00529
|
| 020 |
|
|
|a 9788022328562
|q (brož.)
|
| 035 |
|
|
|a DD16E47A-44A1-4224-8959-188D63C09865
|
| 035 |
|
|
|a urn:nbn:sk:snk-amleif
|
| 035 |
|
|
|a urn:nbn:sk:snk-am008ygo
|
| 040 |
|
|
|a SNK
|b slo
|c SNK
|e AACR2
|
| 041 |
0 |
|
|a slo
|a cze
|
| 043 |
|
|
|a e-gr---
|
| 044 |
|
|
|a xo
|c SK
|
| 072 |
|
7 |
|a 321
|x Politológia
|2 konspekt
|
| 080 |
|
|
|a 321.15
|2 2001
|
| 080 |
|
|
|a 14(37/38)
|2 2001
|
| 080 |
|
|
|a 32:1
|2 2001
|
| 080 |
|
|
|a (048.8)
|2 2001
|
| 080 |
|
|
|a 323.21
|2 2001
|
| 080 |
|
|
|a (38)
|2 2001
|
| 080 |
|
|
|a 328/329
|2 2001
|
| 100 |
1 |
|
|a Buraj, Ivan,
|d 1953-
|4 aut
|9 198192
|
| 245 |
1 |
0 |
|a Antická demokracia a sloboda a súčasnosť
|c Ivan Buraj a kolektív
|
| 250 |
|
|
|a 1. vyd.
|
| 260 |
|
|
|a Bratislava
|b Univerzita Komenského
|c 2010
|
| 300 |
|
|
|a 248 s.
|c 21 cm
|
| 366 |
|
|
|e 150 výt.
|
| 504 |
|
|
|a Bibliogr. odkazy. Pozn.
|
| 546 |
|
|
|a Text aj čes.
|
| 650 |
0 |
7 |
|a antická demokracia
|2 SNKPH
|9 3567
|
| 650 |
0 |
7 |
|a antická filozofia
|2 SNKPH
|9 16861
|
| 650 |
0 |
7 |
|a občianska spoločnosť
|2 SNKPH
|9 4424
|
| 650 |
0 |
7 |
|a Democracy in antiquity
|2 SNKPHeng
|9 378515
|
| 650 |
0 |
7 |
|a Ancient philosophy
|2 SNKPHeng
|9 286137
|
| 650 |
0 |
7 |
|a Civil society
|2 SNKPHeng
|9 318606
|
| 650 |
0 |
7 |
|a politická filozofia
|2 SNKPH
|9 4678
|
| 650 |
0 |
7 |
|a Political philosophy
|2 SNKPHeng
|9 313095
|
| 651 |
|
7 |
|a Atény (staroveký grecký štát)
|2 SNKPH
|9 119497
|
| 655 |
|
7 |
|a štúdie
|2 SNKPH
|9 57033
|
| 655 |
|
7 |
|a Studies
|2 SNKPHeng
|9 265573
|
| 852 |
|
|
|a Štátna vedecká knižnica v Banskej Bystrici
|
| 919 |
|
|
|a 978-80-223-2856-2
|
| 958 |
|
|
|a OND
|
| 958 |
|
|
|a NB
|
| 968 |
|
|
|d 1
|
| 999 |
|
|
|c 1006057
|d 1007987
|
| 952 |
|
|
|a SNK
|b SNK
|y PREZ
|7 0
|p 17A0680107
|o snkSC 142808
|i snk2010/25148
|8 0
|0 0
|1 0
|4 0
|d 2010-11-12
|l 0
|r 2025-07-10 00:00:00
|w 2026-02-24
|
| 952 |
|
|
|a SNK
|b SNK
|y VYP
|7 0
|p 17A0680108
|o snkSC 142808 D1
|i snk2010/25149
|8 0
|0 0
|1 0
|4 0
|d 2010-11-12
|f 1
|l 0
|r 2026-02-24 12:35:13
|w 2026-02-24
|